00231 a2200109 4500001000700000020000600007040001100013100001700024240003800041245003300079362000900112169509 a  cMagnum aNunes, Cesar10aA educacao sexual da criancalpor10aA educacao sexual da crianca0 a1899